00687nam a2200253Ia 4500008004100000020001800041050001000059050001400069100001600083245005200099245001900151260001000170260002100180260000900201300002000210300002000230300001000250500004800260650004300308650002100351650003100372700001100403999001900414170711s9999 xx 000 0 und d a9780813344461 a327.3 bP381 2009 aPeleg, Ilan 4aThe legacy of George W. Bush's foreign policy / cby Ilan Peleg. aUSA : bWest View Press, c2009 axv, 202 pages : billustrations ; c23cm. aIncludes bibliographic reference and index. aBush, George W. (George Walker), 1946. aUnited States -- xForeign relations -- 2001. aTitle. c339690d339690